NLSUI OPAC header image

The Scheduled Castes & The Scheduled Tribes (POA) Act, 1989 with Rules and allied Laws –Third Edition (Record no. 119779)

MARC details
000 -LEADER
fixed length control field 00446nam a2200133Ia 4500
008 - FIXED-LENGTH DATA ELEMENTS--GENERAL INFORMATION
fixed length control field 200619s9999 xx 000 0 und d
082 ## - DEWEY DECIMAL CLASSIFICATION NUMBER
Classification number 344.03AWA
100 ## - MAIN ENTRY--PERSONAL NAME
Personal name S. K. Awasthi
245 #4 - TITLE STATEMENT
Title The Scheduled Castes & The Scheduled Tribes (POA) Act, 1989 with Rules and allied Laws –Third Edition
264 ## - PRODUCTION, PUBLICATION, DISTRIBUTION, MANUFACTURE, AND COPYRIGHT NOTICE
Place of production, publication, distribution, manufacture Allahabad
Name of producer, publisher, distributor, manufacturer Premier Publishing Company
Date of production, publication, distribution, manufacture, or copyright notice 2003
300 ## - PHYSICAL DESCRIPTION
Extent 939
942 ## - ADDED ENTRY ELEMENTS (KOHA)
Koha item type CSSEIP Office Library Collection
Holdings
Withdrawn status Lost status Damaged status Not for loan Home library Current library Shelving location Date acquired Total Checkouts Barcode Date last seen Price effective from Koha item type
        . . CSSEIP Office Library 25.06.2020   CSSEIP238 23.06.2020 23.06.2020 CSSEIP Office Library Collection